书目信息 |
| 题名: |
妇产科门急诊手册
|
|
| 作者: | 沈宗姬 , 胡建铭 主编 | |
| 分册: | ||
| 出版信息: | 南京 江苏技术出版社 2004.02 |
|
| 页数: | 483页 | |
| 开本: | 18cm | |
| 丛书名: | ||
| 单 册: | ||
| 中图分类: | R71-62 | |
| 科图分类: | ||
| 主题词: | 妇产科病--fu chan ke bing--门诊--手册 , 妇产科病--fu chan ke bing--急诊--手册 | |
| 电子资源: | ||
| ISBN: | 7-5345-3865-3 | |
| 000 | 00900nam0 2200289 450 | |
| 001 | CAL 012003156611 | |
| 005 | 20050614092057.95 | |
| 010 | @a7-5345-3865-3@dCNY 26.00 | |
| 099 | @aCAL 012003156611 | |
| 100 | @a20031022d2004 em y0chiy0121 ea | |
| 101 | 0 | @achi |
| 102 | @aCN@b320000 | |
| 105 | @ak a 000yy | |
| 200 | 1 | @a妇产科门急诊手册@Afu chan ke men ji zhen shou ce@f沈宗姬, 胡建铭主编@Fshen zong ji,hu jian ming zhu bian |
| 210 | @a南京@c江苏技术出版社@d2004.02 | |
| 215 | @a483页@d18cm | |
| 320 | @a有书目 (第479-483页) | |
| 410 | 0 | @12001 @a实用门急诊丛书 |
| 606 | 0 | @a妇产科病@Afu chan ke bing@x门诊@j手册 |
| 606 | 0 | @a妇产科病@Afu chan ke bing@x急诊@j手册 |
| 690 | @aR71-62@v4 | |
| 701 | 0 | @a沈宗姬@Ashen zong ji@4主编 |
| 701 | 0 | @a胡建铭@Ahu jian ming@4主编 |
| 801 | 0 | @aCN@bMML@c20050614 |
| 905 | @a10447@dR71-62@eS450 | |
| 906 | @dCNY26.00@n0@r1 | |
| 998 | @aMML | |
| 妇产科门急诊手册/沈宗姬, 胡建铭主编.-南京:江苏技术出版社,2004.02 |
| 483页;18cm |
| ISBN 7-5345-3865-3:CNY 26.00 |
| ● |
| 相关链接 |
|
|
|
正题名:妇产科门急诊手册
索取号:R71-62/S450
 
预约/预借
| 序号 | 登录号 | 条形码 | 馆藏地/架位号 | 状态 | 备注 |
| 1 | 533624 | 205336242 | 自科库401/401自科库 20排1列1层/ [索取号:R71-62/S450] | 在馆 | |
| 2 | 533625 | 205336251 | 自科库401/401自科库 20排1列1层/ [索取号:R71-62/S450] | 在馆 |